00246nam a2200085Ia 4500001000800000005001700008008004100025245006000066260003400126107086820250827002114.0250824s9999 xx 000 0 und d 0aHÜSREVÜ ŞİRİNcAZERİ İBRAHİM ÇELEBİ bTÜRK DİL KURUMU YAYINLARI